000 00414nam a22001337a 4500
999 _c532755
_d532755
020 _a9789360286897
082 _aB3x54211 N16
245 _aUttarakhand @ 25: looking back looking forward
_cedited by Nrip Singh Napalchyal
260 _aDehradun
_bDoon Library & Research Centre
_c2025
300 _a634p.
650 _aUttarakhand
_959716
650 _aPublic administration
_959717
650 _aPublic policy
_959718